Characters in Community - Statistics

General Stats
  • This quiz has been taken 80 times
  • The average score is 9 of 16
Answer Stats
Hint Answer % Correct
J Jeff Winger
98%
P Pierce Hawthorne
97%
B Britta Perry
95%
T Troy Barnes
95%
A Annie Edison
94%
A Abed Nadir
91%
D Dean Pelton
88%
S Shirley Bennett
79%
B Ben Chang
76%
D Duncan
36%
M Magnitude
36%
B Buzz Hickey
24%
B Buddy
5%
K Koogler
5%
M Marshall Kane
2%
R Robert Laybourne
0%
No matching quizzes found
Score Distribution
Percent of People with Each Score
Percentile by Number Answered
Your Score History
You have not taken this quiz